000 00618nam a2200253Ia 4500
003 OSt
005 20220918200536.0
006 a|||||r|||| 00| 0
007 ta
008 220917b |||||||| |||| 00| 0 eng d
024 _a89,264
037 _cTextual
040 _aARTS
_cARTS
_beng
041 _2eng
_aeng
082 _aU281, H3
100 _aKimble George
_994577
245 0 _aWeather
260 _c1943
490 _aPelican Books; A124
650 _aGEOGRAPHY
700 _a Bush Raymond
_994578
942 _hU281, H3
_cTEXL
_2CC
999 _c212934
_d212934